| 000 | 01025nam a2200349 4500 | ||
|---|---|---|---|
| 001 | 00175798 | ||
| 003 | DO-SdBNP | ||
| 005 | 20171213083158.0 | ||
| 007 | 00175798 | ||
| 008 | 880907s1979 sp a 000 spa | ||
| 016 | 7 |
_a _z _2BPMSU |
|
| 017 |
_a _b |
||
| 020 | _a8431018798 | ||
| 035 | _a | ||
| 040 |
_aBPMSU _bspa _cBPMSU _e |
||
| 041 | 1 |
_aspa _h |
|
| 080 | 0 | _a | |
| 100 | 1 | _aBonzon, Paul-Jacques | |
| 240 |
_aLes six compagnons dans la citadelle _lespañol |
||
| 245 | 1 | 4 |
_aLos seis amigos en la ciudadela / _h _c Paul Jacques Bonzon ;traducción Consuelo G. de Ortega ; ilustraciones, Antonio Borrell |
| 250 | _a2ª ed. | ||
| 260 |
_aBarcelona : _bToray, _c1985 |
||
| 300 |
_a183 p.: _bil. ; _c22 cm |
||
| 490 | 0 |
_aLos Seis Amigos _v6 |
|
| 500 | _a | ||
| 700 | 1 |
_aOrtega, Consuelo G. de _etr. |
|
| 700 | 1 |
_aBorrell, Antonio _d1927- _eil. |
|
| 830 |
_aLos Seis Amigos _p _v6 |
||
| 942 |
_2ddc _cBK |
||
| 945 | _ainventariado extrajero / DG | ||
| 956 |
_a VMATEO _210 _320160407 _6BPMSU _80069 |
||
| 999 |
_c9630 _d9630 |
||